000 01953nam2a2200289 4500
001 RU\NLR\BIBL_A\010193964
005 20260408164759.0
010 _a978-5-4344-0102-9
021 _aRU
_b2013-104134
_97235
035 _a(NLR Aleph) 010193964
090 _a10212001
_c10212001
100 _a20140221d2013 u y0rusy50 ca
101 0 _arus
102 _aRU
105 _aa ||j||||01yy
200 1 _aБиофизика клеточных процессов
_aБиофизика мембранных процессов
215 _a381 с.
_cил., цв. ил.
320 _aБиблиогр.: с. 375-376
320 _aПредм. указ.: с. 377-381
461 0 _1001RU\NLR\BIBL_A\010218265
_12000#$aБиофизика$eучебник для студентов высших учебных заведений, обучающихся по направлению 020400 (020200) "Биология" и специальности 020207 "Биофизика"$e[в 3 т.]$vТ. 2
_1700#1$aРубин$bА. Б.$f1937-$gАндрей Борисович$3RU\NLR\AUTH\770251333$4070
_910309639
_aРубин, А. Б. (1937-)
_cМосква
_d2013
_nИнститут компьютерных исследований
_oучебник для студентов высших учебных заведений, обучающихся по направлению 020400 (020200) "Биология" и специальности 020207 "Биофизика" : [в 3 т.]
_tБиофизика
_vТ. 2
606 1 _aБиологические мембраны
_jУчебники для высших учебных заведений
_xБиофизика
_91150048
_3RU\NLR\AUTH\66140668
606 _aКлетки (биол.)
_xБиофизика
_jУчебники для высших учебных заведений
_3RU\NLR\AUTH\66474246
_91179166
686 1 _aЕ057.1я73-1
942 _cBOOK
980 _aNB